Top 115 najpopularniejszych imion żeńskich tylko że 5 lat temu (2019) - Statystyki

Ogólne statystyki
  • Ten quiz został rozwiązany 47 razy
  • Średni wynik to 70 z 115
Statystyki odpowiedzi
Liczba wystąpień Miejsce Imię % Poprawnych
1,063,017 1 Anna
98%
609,363 3 Katarzyna
90%
488,429 7 Ewa
88%
222,565 31 Paulina
88%
192,557 36 Wiktoria
88%
382,494 13 Aleksandra
86%
238,673 29 Grażyna
86%
433,736 10 Magdalena
86%
625,353 2 Maria
86%
193,087 35 Urszula
86%
387,853 12 Zofia
86%
504,920 6 Barbara
83%
380,271 14 Monika
83%
292,987 17 Natalia
83%
168,139 42 Patrycja
83%
148,873 47 Weronika
83%
552,814 5 Agnieszka
81%
407,745 11 Joanna
81%
278,918 21 Julia
81%
586,619 4 Małgorzata
81%
173,447 41 Hanna
79%
288,558 18 Karolina
79%
138,886 50 Oliwia
79%
183,418 39 Sylwia
79%
241,223 28 Alicja
76%
106,956 63 Amelia
76%
108,152 61 Lena
76%
287,554 19 Marta
76%
152,280 45 Aneta
74%
320,605 16 Danuta
74%
69,207 71 Daria
74%
148,248 48 Ewelina
74%
263,899 25 Halina
74%
51,322 83 Ilona
74%
235,771 30 Iwona
74%
438,050 9 Elżbieta
71%
217,181 32 Justyna
71%
117,881 57 Kinga
71%
149,354 46 Emilia
69%
158,669 43 Izabela
69%
266,077 24 Jadwiga
69%
137,324 53 Klaudia
69%
364,266 15 Teresa
69%
196,520 34 Zuzanna
69%
180,883 40 Agata
67%
283,239 20 Beata
67%
47,258 90 Czesława
67%
120,303 56 Dominika
67%
108,628 60 Kamila
67%
41,790 95 Kornelia
67%
45,023 93 Łucja
67%
137,519 52 Martyna
67%
71,783 70 Nikola
67%
191,515 37 Renata
67%
207,126 33 Bożena
64%
35,258 97 Jagoda
64%
268,240 23 Janina
64%
243,913 26 Jolanta
64%
451,241 8 Krystyna
64%
130,690 54 Marzena
64%
53,656 80 Olga
64%
53,231 81 Sandra
64%
138,058 51 Stanisława
64%
271,835 22 Dorota
62%
49,269 87 Laura
62%
153,055 44 Maja
60%
64,837 75 Angelika
57%
125,979 55 Gabriela
57%
187,446 38 Helena
57%
42,484 94 Nadia
57%
113,937 59 Wiesława
57%
243,010 27 Irena
55%
84,142 66 Lidia
55%
28,540 110 Malwina
55%
144,414 49 Marianna
55%
28,239 111 Pola
55%
31,076 106 Adrianna
52%
85,098 65 Alina
52%
52,079 82 Antonina
52%
115,051 58 Edyta
52%
68,240 73 Milena
52%
65,298 74 Genowefa
50%
33,915 99 Iga
50%
26,697 115 Sara
50%
106,968 62 Wanda
50%
27,223 113 Żaneta
50%
32,216 102 Cecylia
48%
45,124 92 Anita
45%
49,545 86 Bogusława
45%
85,383 64 Lucyna
45%
73,098 69 Wioletta
45%
54,884 79 Henryka
43%
31,380 104 Roksana
43%
58,821 76 Bogumiła
40%
28,059 112 Bronisława
40%
32,041 103 Marcelina
40%
48,192 89 Marlena
40%
46,003 91 Michalina
40%
74,705 68 Mirosława
40%
30,972 107 Karina
38%
30,813 108 Leokadia
36%
83,473 67 Mariola
36%
50,423 84 Sabina
36%
48,463 88 Władysława
36%
41,249 96 Aniela
33%
34,581 98 Wioleta
33%
31,137 105 Dagmara
31%
33,060 101 Liliana
31%
28,917 109 Zdzisława
29%
54,968 78 Stefania
26%
56,041 77 Józefa
24%
68,307 72 Kazimiera
24%
33,800 100 Nina
24%
49,703 85 Regina
24%
26,808 114 Eugenia
21%
Nie znaleziono quizów pasujących do podanych kryteriów
Rozkład punktacji
Procent ludzi z każdym wynikiem
Percentyl według liczby udzielonych odpowiedzi
Twoja historia wyników
Nie rozwiązałeś tego quizu